000 00548nam a2200193Ia 4500
005 20260120130659.0
008 008 260114s9999 xx 000 0 eng d
020 _a9780191677830
037 _aEBOOK
040 _aCRL
_beng
_cCRL
041 _aeng
_2eng
084 _qCRL
100 _aHouston
_9917925
245 0 _aMadness and Society in Eighteenth-Century Scotland
260 _bOxford University PressOxford University Press
_c2011
856 _uhttps://academic.oup.com/book/26964
942 _cEBOOK
999 _c1509830
_d1509830